[Event "USA Championship 2007"]
[Site "Stillwater USA"]
[Date "2007.05.15"]
[Round "1.8"]
[White "Stripunsky, Alexander"]
[Black "Smith, Bryan"]
[Result "1-0"]
[WhiteElo "2664"]
[BlackElo "2441"]
[PlyCount "75"]
[EventDate "2007.05.15"]
[EventType "swiss"]
[EventRounds "9"]
[EventCountry "USA"]
[Source "lmi"]
[SourceDate "2007.05.15"]

1. e4 e6 2. d3 c5 3. g3 Nc6 4. Bg2 g6 5. Nc3 Bg7 6. Be3 Nd4 7. Nce2 Nxe2 8.
Nxe2 Bxb2 9. Rb1 Bg7 10. Bxc5 d6 11. Ba3 Ne7 12. Qd2 Nc6 13. d4 e5 14. d5 Nb8
15. O-O O-O 16. c4 Na6 17. Nc1 b6 18. Nd3 Nc5 19. Nb4 Bd7 20. f4 exf4 21. gxf4
Re8 22. Rbe1 f5 23. Nc6 Qh4 24. e5 Bxc6 25. dxc6 dxe5 26. Bxc5 bxc5 27. Qd5+
Kh8 28. fxe5 Qe7 29. e6 Bc3 30. Re2 Red8 31. Qf3 Bd4+ 32. Kh1 Rd6 33. Rb1 Rxe6
34. c7 Rc8 35. Rxe6 Qxe6 36. Rb8 Qe1+ 37. Bf1 Qe8 38. Qb7 1-0

[Event "USA Championship 2007"]
[Site "Stillwater USA"]
[Date "2007.05.15"]
[Round "1.9"]
[White "Mulyar, Michael"]
[Black "Gulko, Boris"]
[Result "1/2-1/2"]
[WhiteElo "2420"]
[BlackElo "2660"]
[PlyCount "59"]
[EventDate "2007.05.15"]
[EventType "swiss"]
[EventRounds "9"]
[EventCountry "USA"]
[Source "lmi"]
[SourceDate "2007.05.15"]

1. e4 e5 2. Nf3 Nc6 3. Bc4 Bc5 4. c3 Nf6 5. d3 d6 6. Bb3 a6 7. h3 Ba7 8. O-O
Ne7 9. Nbd2 Ng6 10. Re1 O-O 11. Nf1 Nh5 12. d4 Nhf4 13. Bxf4 exf4 14. a4 c5 15.
Qd3 cxd4 16. cxd4 Bd7 17. N1d2 Bc6 18. Nc4 d5 19. Ncd2 Rc8 20. exd5 Bxd5 21.
Rac1 Qd7 22. Rxc8 Rxc8 23. Ne4 Bxb3 24. Qxb3 Re8 25. Re2 h6 26. Nc5 Bxc5 27.
Rxe8+ Qxe8 28. dxc5 Qe4 29. Qd1 Ne5 30. Nxe5 1/2-1/2

[Event "USA Championship 2007"]
[Site "Stillwater USA"]
[Date "2007.05.15"]
[Round "1.10"]
[White "Akobian, Varuzhan"]
[Black "Burnett, Ronald"]
[Result "1-0"]
[WhiteElo "2651"]
[BlackElo "2396"]
[PlyCount "81"]
[EventDate "2007.05.15"]
[EventType "swiss"]
[EventRounds "9"]
[EventCountry "USA"]
[Source "lmi"]
[SourceDate "2007.05.15"]

1. d4 Nf6 2. c4 e6 3. Nc3 Bb4 4. e3 b6 5. Nge2 Ba6 6. a3 Bxc3+ 7. Nxc3 d5 8.
Qf3 O-O 9. g4 c6 10. b3 b5 11. c5 e5 12. g5 e4 13. Qg3 Nh5 14. Qg2 g6 15. b4
Bb7 16. Bd2 a5 17. bxa5 Rxa5 18. Be2 Ng7 19. O-O Nf5 20. Nxe4 dxe4 21. Bxa5
Qxa5 22. Qxe4 Qd8 23. Qg2 Bc8 24. a4 bxa4 25. Rxa4 Be6 26. Rb1 Nd7 27. e4 Ng7
28. Ra7 Re8 29. Qg3 Nf8 30. Rb4 Bd7 31. Bf3 f5 32. e5 Nge6 33. h4 Re7 34. Bg2
Be8 35. Rxe7 Qxe7 36. Qb3 Kh8 37. Rb7 Qd8 38. Rb8 Qe7 39. Qc3 Nf4 40. Bf3 Bf7
41. e6 1-0

[Event "USA Championship 2007"]
[Site "Stillwater USA"]
[Date "2007.05.15"]
[Round "1.13"]
[White "Langer, Michael"]
[Black "Perelshteyn, Eugene"]
[Result "0-1"]
[WhiteElo "2334"]
[BlackElo "2611"]
[PlyCount "56"]
[EventDate "2007.05.15"]
[EventType "swiss"]
[EventRounds "9"]
[EventCountry "USA"]
[Source "lmi"]
[SourceDate "2007.05.15"]

1. e4 c6 2. d4 d5 3. f3 e6 4. Nc3 Bb4 5. Qd3 b6 6. Qe3 Ba6 7. Bxa6 Nxa6 8. Bd2
Nf6 9. O-O-O O-O 10. Nge2 Rc8 11. Be1 Be7 12. Nf4 b5 13. exd5 cxd5 14. Nxe6
fxe6 15. Qxe6+ Kh8 16. Qxa6 b4 17. Nb5 Qd7 18. Bg3 Rc6 19. Qxa7 Qxa7 20. Nxa7
Rb6 21. Rhe1 Ng8 22. c4 bxc3 23. a4 Rxb2 24. Nb5 Bg5+ 25. f4 Rxf4 26. Re3 Rxd4
27. Nxc3 Rxd1+ 28. Nxd1 Re2 0-1

[Event "USA Championship 2007"]
[Site "Stillwater USA"]
[Date "2007.05.15"]
[Round "1.17"]
[White "Airapetian, Chouchanik"]
[Black "Sevillano, Enrico"]
[Result "0-1"]
[WhiteElo "2188"]
[BlackElo "2566"]
[PlyCount "82"]
[EventDate "2007.05.15"]
[EventType "swiss"]
[EventRounds "9"]
[EventCountry "USA"]
[Source "lmi"]
[SourceDate "2007.05.15"]

1. e4 c5 2. Nf3 Nc6 3. d4 cxd4 4. Nxd4 Nf6 5. Nc3 e5 6. Ndb5 d6 7. Bg5 a6 8.
Na3 b5 9. Bxf6 gxf6 10. Nd5 f5 11. Bd3 Be6 12. c3 Bg7 13. Qh5 h6 14. Nc2 f4 15.
O-O O-O 16. a4 bxa4 17. Rxa4 a5 18. b4 axb4 19. Rxa8 Qxa8 20. Ra1 Qb7 21. Ba6
Qb8 22. Ncxb4 Nxb4 23. Nxb4 Qc7 24. Qf3 Kh8 25. Bb5 Qc5 26. Bc6 Rc8 27. Qd3
Rxc6 28. Nxc6 Qxc6 29. Ra6 Qb7 30. Rxd6 Bf8 31. Rd8 Kg7 32. Qc2 Bc5 33. h3 Qb6
34. Rd2 f3 35. Kh2 Bc4 36. Qd1 Be2 37. Rxe2 fxe2 38. Qxe2 Bxf2 39. c4 Bd4 40.
Qg4+ Qg6 41. Qe2 Qg5 0-1

[Event "USA Championship 2007"]
[Site "Stillwater USA"]
[Date "2007.05.16"]
[Round "2.10"]
[White "Gulko, Boris"]
[Black "Bonin, Jay"]
[Result "1/2-1/2"]
[WhiteElo "2660"]
[BlackElo "2383"]
[PlyCount "196"]
[EventDate "2007.05.15"]
[EventType "swiss"]
[EventRounds "9"]
[EventCountry "USA"]
[Source "lmi"]
[SourceDate "2007.05.15"]

1. d4 Nf6 2. c4 d6 3. Nc3 g6 4. e4 Bg7 5. Nf3 O-O 6. h3 c5 7. d5 b5 8. cxb5 a6
9. a4 axb5 10. Bxb5 Ba6 11. Be3 Ne8 12. O-O Nc7 13. Nd2 Nd7 14. Bxa6 Rxa6 15.
Qc2 Qa8 16. Rab1 e6 17. dxe6 fxe6 18. b4 cxb4 19. Nb5 Rc6 20. Qb3 Nc5 21. Qxb4
Qxa4 22. Nxc7 Qxb4 23. Rxb4 Rxc7 24. Rb6 Be5 25. Rc1 Rfc8 26. f4 Bg7 27. Rxd6
Nxe4 28. Nxe4 Rxc1+ 29. Bxc1 Rxc1+ 30. Kf2 e5 31. Rd8+ Kf7 32. Rd7+ Kg8 33. Ng5
Bh6 34. Nxh7 Bxf4 35. Nf6+ Kf8 36. Ne4 Bh2 37. g3 Bg1+ 38. Kf3 Ra1 39. h4 Bd4
40. Kg4 Ra7 41. Rd6 Kg7 42. h5 gxh5+ 43. Kxh5 Kf7 44. g4 Be3 45. g5 Bxg5 46.
Kxg5 Ke7 47. Kf5 Ra1 48. Rh6 Rf1+ 49. Kxe5 Kd7 50. Nc3 Re1+ 51. Kd5 Ke7 52. Ne4
Rd1+ 53. Ke5 Kd7 54. Rg6 Kc7 55. Nc3 Re1+ 56. Kd5 Kd7 57. Rg7+ Re7 58. Rg1 Re3
59. Nb5 Rd3+ 60. Nd4 Ke7 61. Rf1 Rd2 62. Ke5 Ra2 63. Nf5+ Kd7 64. Rd1+ Kc7 65.
Nd4 Ra5+ 66. Ke6 Rh5 67. Rc1+ Kb6 68. Rb1+ Kc7 69. Nf5 Rh2 70. Rc1+ Kb6 71. Nd6
Rh6+ 72. Ke5 Rh5+ 73. Kd4 Rh4+ 74. Ne4 Rh8 75. Nf6 Rh4+ 76. Kd5 Kb5 77. Rc8 Kb4
78. Ne4 Rh5+ 79. Kd4 Kb5 80. Nc3+ Kb4 81. Rb8+ Ka3 82. Ne2 Rh4+ 83. Kc3 Rh3+
84. Kc4 Rh4+ 85. Nd4 Ka2 86. Rb7 Rg4 87. Kc3 Rg3+ 88. Kd2 Rg2+ 89. Ne2 Rh2 90.
Kd3 Rh3+ 91. Kc2 Ka3 92. Nf4 Rh8 93. Nd5 Rh2+ 94. Kd3 Rh3+ 95. Ne3 Rh8 96. Kc3
Ka4 97. Nd5 Rh3+ 98. Kc4 Rh4+ 1/2-1/2

[Event "USA Championship 2007"]
[Site "Stillwater USA"]
[Date "2007.05.16"]
[Round "2.11"]
[White "Ivanov, Alexander V"]
[Black "Mulyar, Michael"]
[Result "1-0"]
[WhiteElo "2623"]
[BlackElo "2420"]
[PlyCount "57"]
[EventDate "2007.05.15"]
[EventType "swiss"]
[EventRounds "9"]
[EventCountry "USA"]
[Source "lmi"]
[SourceDate "2007.05.15"]

1. e4 e5 2. Nf3 Nc6 3. Bb5 a6 4. Ba4 Nf6 5. O-O b5 6. Bb3 Bc5 7. a4 Rb8 8. c3
d6 9. d4 Bb6 10. Na3 O-O 11. axb5 axb5 12. Nxb5 Bg4 13. Bc2 d5 14. h3 Bxf3 15.
Qxf3 exd4 16. Bg5 Bc5 17. Ra6 dxe4 18. Bxe4 Rxb5 19. Rxc6 Bd6 20. Bxh7+ Kh8 21.
Bh4 Rxb2 22. Bb1 Qb8 23. Bd3 Nh7 24. cxd4 Qb3 25. Rd1 Re8 26. Rcc1 Kg8 27. Qc6
Qb8 28. Qf3 Qb3 29. Qh5 1-0

[Event "USA Championship 2007"]
[Site "Stillwater USA"]
[Date "2007.05.16"]
[Round "2.15"]
[White "Aigner, Michael"]
[Black "Hess, Robert"]
[Result "1/2-1/2"]
[WhiteElo "2300"]
[BlackElo "2472"]
[PlyCount "163"]
[EventDate "2007.05.15"]
[EventType "swiss"]
[EventRounds "9"]
[EventCountry "USA"]
[Source "lmi"]
[SourceDate "2007.05.15"]

1. e4 c5 2. Nc3 Nc6 3. g3 g6 4. Bg2 Bg7 5. d3 Rb8 6. f4 b5 7. Nf3 d6 8. O-O Nd4
9. h3 b4 10. Nd5 e6 11. Ne3 Ne7 12. g4 f5 13. a3 b3 14. c3 Nxf3+ 15. Qxf3 O-O
16. Qd1 Ba6 17. Rf2 Qd7 18. a4 fxg4 19. hxg4 d5 20. exd5 exd5 21. Nf1 d4 22. c4
Bc8 23. Bf3 Bh6 24. g5 Bg7 25. Ng3 Nf5 26. Bd5+ Kh8 27. Nxf5 Rxf5 28. Qf3 Bb7
29. Bxb7 Rxb7 30. Bd2 Rb8 31. Re2 Bf8 32. Re5 Bd6 33. Rxf5 Qxf5 34. Qe4 Qh3 35.
Rf1 Rf8 36. Qf3 Qf5 37. Qe4 Qd7 38. Re1 Bxf4 39. Bxf4 Qg4+ 40. Kh1 Qxf4 41.
Qxf4 Rxf4 42. Re7 Rf3 43. Rc7 Rxd3 44. Rxc5 Rc3 45. Kg2 a6 46. Rc6 Rc2+ 47. Kf3
Rxb2 48. Ke4 a5 49. Kxd4 Rg2 50. Rb6 Rg4+ 51. Kd5 Rxg5+ 52. Kd6 Rg4 53. c5 Rb4
54. Rxb4 axb4 55. c6 b2 56. c7 b1=Q 57. c8=Q+ Kg7 58. Qd7+ Kf6 59. Qe6+ Kg5 60.
Qe3+ Kg4 61. Qe2+ Kf4 62. Qf2+ Ke4 63. Qe2+ Kd4 64. Qe5+ Kc4 65. a5 Qd3+ 66.
Kc6 Kb3 67. Qd5+ Qxd5+ 68. Kxd5 Kc2 69. a6 b3 70. a7 b2 71. a8=Q b1=Q 72. Ke5
Qb5+ 73. Kf4 Qf5+ 74. Ke3 Qe5+ 75. Kf3 Qc3+ 76. Kf4 Qd4+ 77. Kf3 Kd3 78. Qa6+
Kc3 79. Qa1+ Kc4 80. Qa4+ Kd5 81. Qd7+ Ke5 82. Qg7+ 1/2-1/2

[Event "USA Championship 2007"]
[Site "Stillwater USA"]
[Date "2007.05.16"]
[Round "2.16"]
[White "Sarkar, Justin"]
[Black "Zenyuk, Iryna"]
[Result "1-0"]
[WhiteElo "2470"]
[BlackElo "2229"]
[PlyCount "126"]
[EventDate "2007.05.15"]
[EventType "swiss"]
[EventRounds "9"]
[EventCountry "USA"]
[Source "lmi"]
[SourceDate "2007.05.15"]

1. d4 Nf6 2. c4 g6 3. Nc3 Bg7 4. e4 d6 5. f3 O-O 6. Bg5 h6 7. Be3 c5 8. Nge2
Nc6 9. Qd2 Qa5 10. d5 Ne5 11. Ng3 Qb4 12. Nb5 Qxd2+ 13. Kxd2 a6 14. Nc3 h5 15.
Be2 e6 16. a4 Rb8 17. Rhb1 Bd7 18. h3 h4 19. Nf1 exd5 20. cxd5 b5 21. axb5 Bxb5
22. Nxb5 axb5 23. Bg5 Rfc8 24. Ra6 Ne8 25. Ne3 c4 26. f4 Nd7 27. Bg4 Nc5 28.
Bxc8 Nxe4+ 29. Kc2 Rxc8 30. Bxh4 Bd4 31. Nd1 Rc5 32. Nc3 Bxc3 33. bxc3 Rxd5 34.
Ra8 Kf8 35. Be1 Ke7 36. Rba1 Nc7 37. R1a7 Kd7 38. Rf8 Rf5 39. Bh4 Rxf4 40. Bd8
Rf2+ 41. Kc1 Rf1+ 42. Kb2 Rf2+ 43. Ka3 Nxc3 44. Rxc7+ Ke6 45. Re7+ Kd5 46.
Rexf7 Nb1+ 47. Kb4 Rb2+ 48. Ka5 c3 49. Rf1 Nd2 50. Rd1 Kc4 51. Bg5 Ra2+ 52. Kb6
b4 53. Rf4+ Kb3 54. Rd4 Nc4+ 55. Kc6 Rxg2 56. h4 Nb2 57. Re1 c2 58. Kb5 Nd1 59.
Rxb4+ Kc3 60. Rc4+ Kb3 61. Rb4+ Ka3 62. Bf6 Ka2 63. Bb2 Nc3+ 1-0

[Event "USA Championship 2007"]
[Site "Stillwater USA"]
[Date "2007.05.16"]
[Round "2.17"]
[White "Smith, Bryan"]
[Black "Airapetian, Chouchanik"]
[Result "1-0"]
[WhiteElo "2441"]
[BlackElo "2188"]
[PlyCount "91"]
[EventDate "2007.05.15"]
[EventType "swiss"]
[EventRounds "9"]
[EventCountry "USA"]
[Source "lmi"]
[SourceDate "2007.05.15"]

1. e4 e5 2. Nf3 Nc6 3. Bb5 a6 4. Ba4 Nf6 5. O-O Nxe4 6. d4 b5 7. Bb3 d5 8. dxe5
Be6 9. Nbd2 Nc5 10. c3 Nxb3 11. Nxb3 Be7 12. Re1 O-O 13. Nfd4 Nxd4 14. cxd4 a5
15. Be3 f6 16. exf6 Bxf6 17. Qd3 c6 18. Bf4 Bf7 19. Be5 Bg6 20. Qc3 a4 21. Nc5
Qc8 22. Bxf6 Rxf6 23. Re5 Qg4 24. f3 Qh4 25. a3 Bf5 26. Qe3 Raf8 27. Re8 h6 28.
Re7 Rg6 29. Qe5 Bh3 30. g3 Rxf3 31. Rxg7+ Rxg7 32. Qxg7+ Kxg7 33. gxh4 Rf4 34.
Rd1 Rg4+ 35. Kf2 Rg2+ 36. Ke3 Rxb2 37. Rd3 Rxh2 38. Kf4 Kf6 39. Rf3 Rh1 40.
Ke3+ Kg6 41. Nd3 Bg4 42. Ne5+ Kh5 43. Rf6 Rh3+ 44. Kf4 Rxh4 45. Kg3 Bd1 46.
Rf5# 1-0

[Event "USA Championship 2007"]
[Site "Stillwater USA"]
[Date "2007.05.17"]
[Round "3.11"]
[White "Burnett, Ronald"]
[Black "Sevillano, Enrico"]
[Result "1/2-1/2"]
[WhiteElo "2396"]
[BlackElo "2566"]
[PlyCount "163"]
[EventDate "2007.05.15"]
[EventType "swiss"]
[EventRounds "9"]
[EventCountry "USA"]
[Source "lmi"]
[SourceDate "2007.05.15"]

1. Nf3 Nf6 2. c4 e6 3. g3 b6 4. Bg2 Bb7 5. O-O Be7 6. Re1 O-O 7. d4 Qc8 8. Bg5
h6 9. Bxf6 Bxf6 10. e4 d6 11. Nc3 Nd7 12. Qd2 Re8 13. h4 Be7 14. Bh3 Qd8 15.
Rad1 Nf8 16. Qe3 a6 17. Bg2 Qb8 18. a3 Qa7 19. d5 Bf6 20. dxe6 Nxe6 21. Nd5
Bxb2 22. Rd2 Be5 23. Nxe5 dxe5 24. f4 b5 25. Qxa7 Rxa7 26. fxe5 bxc4 27. Rc1
Bc6 28. Rxc4 Bb5 29. Rc3 c6 30. Nb6 Rb7 31. Nc4 Bxc4 32. Rxc4 Rb3 33. Kf2 Rxa3
34. Rxc6 Ra5 35. Bf1 Nc5 36. Bg2 Rxe5 37. Rd8+ Kh7 38. Rd5 f5 39. Rxe5 Nd3+ 40.
Ke3 Nxe5 41. Rc3 Kg6 42. Bh3 fxe4 43. Kxe4 Kf6 44. Rc2 Ra4+ 45. Kd5 Ra3 46. Bg2
Ng4 47. Ke4 Ra4+ 48. Kf3 Ne5+ 49. Ke3 a5 50. Rf2+ Ke7 51. Rf1 Rb4 52. Bd5 a4
53. Ra1 Kd6 54. Bg8 Ng4+ 55. Kf3 Nf6 56. Bf7 Rb7 57. Bc4 Rb4 58. Bf7 Ke7 59.
Ba2 Nd7 60. Re1+ Kd6 61. Re6+ Kc7 62. Re7 g5 63. hxg5 hxg5 64. Re4 g4+ 65. Kf4
Rxe4+ 66. Kxe4 Kd6 67. Kf5 Ne5 68. Bg8 a3 69. Ba2 Nd3 70. Kxg4 Nc1 71. Bb1 Ne2
72. Ba2 Kc5 73. Kf3 Nc3 74. Bb3 Kb4 75. Bf7 Nb5 76. Ke3 Kc3 77. g4 Nd6 78. Ba2
Kb2 79. Be6 Kc3 80. Ba2 Kb2 81. Be6 Kc3 82. Ba2 1/2-1/2

[Event "USA Championship 2007"]
[Site "Stillwater USA"]
[Date "2007.05.17"]
[Round "3.13"]
[White "Friedel, Joshua"]
[Black "Bradford, Joseph Mark"]
[Result "1/2-1/2"]
[WhiteElo "2542"]
[BlackElo "2457"]
[PlyCount "113"]
[EventDate "2007.05.15"]
[EventType "swiss"]
[EventRounds "9"]
[EventCountry "USA"]
[Source "lmi"]
[SourceDate "2007.05.15"]

1. e4 e6 2. d4 d5 3. Nc3 Bb4 4. e5 c5 5. a3 Ba5 6. Qg4 Ne7 7. dxc5 Bxc3+ 8.
bxc3 Ng6 9. Nf3 f5 10. Qh5 Qc7 11. Bd3 Nc6 12. O-O Ncxe5 13. Nxe5 Qxe5 14. Bb5+
Kf7 15. Qh3 Qc7 16. Be2 Re8 17. Qd3 Qxc5 18. Be3 Qc7 19. f4 Bd7 20. Bh5 Qc4 21.
Qd2 d4 22. Bxd4 Bc6 23. Rae1 Re7 24. Re3 Rd8 25. Qf2 a5 26. Bf3 b5 27. Bxc6
Qxc6 28. Rd3 Rb7 29. Rfd1 Rd5 30. h4 Qd6 31. g3 Rd7 32. Bb6 Qxa3 33. Bd4 Qd6
34. Bb6 a4 35. Rxd5 exd5 36. Bc5 Qf6 37. Bd4 Qc6 38. Qe2 Kg8 39. Qe8+ Nf8 40.
Re1 a3 41. Kf2 Rc7 42. Re7 Qxe8 43. Rxe8 b4 44. Be5 Rc6 45. cxb4 Rxc2+ 46. Ke3
Kf7 47. Ra8 a2 48. Ra7+ Ke6 49. Ra6+ Kf7 50. Kd4 Rd2+ 51. Kc5 d4 52. Kd6 d3 53.
h5 Rc2 54. Ra7+ Ke8 55. Ra8+ Kf7 56. Ra7+ Ke8 57. Ra8+ 1/2-1/2

[Event "USA Championship 2007"]
[Site "Stillwater USA"]
[Date "2007.05.17"]
[Round "3.16"]
[White "Langer, Michael"]
[Black "Aigner, Michael"]
[Result "1-0"]
[WhiteElo "2334"]
[BlackElo "2300"]
[PlyCount "129"]
[EventDate "2007.05.15"]
[EventType "swiss"]
[EventRounds "9"]
[EventCountry "USA"]
[Source "lmi"]
[SourceDate "2007.05.15"]

1. e4 c5 2. Nf3 Nc6 3. d4 cxd4 4. Nxd4 Nf6 5. Nc3 e5 6. Ndb5 d6 7. Bg5 a6 8.
Na3 b5 9. Bxf6 gxf6 10. Nd5 f5 11. exf5 Bxf5 12. c3 Bg7 13. Nc2 O-O 14. Nce3
Be6 15. Bd3 f5 16. Qh5 e4 17. Bc2 Ne7 18. Rd1 b4 19. O-O bxc3 20. bxc3 Rc8 21.
g4 Nxd5 22. Nxd5 Bxd5 23. Rxd5 Rxc3 24. Bb3 Kh8 25. Rxf5 Rf3 26. Be6 Qe7 27.
Rxf3 Rxf3 28. Qd5 Be5 29. Rb1 Qa7 30. Rf1 Qg7 31. h4 Qe7 32. Rc1 Rf8 33. Bf5
Qxh4 34. Qxe4 Re8 35. Qh1 Qe7 36. Qh5 Rb8 37. Qh6 a5 38. Rc4 Qf7 39. Qc1 Rg8
40. Rc8 Rxc8 41. Qxc8+ Kg7 42. Be6 Qe7 43. Qg8+ Kh6 44. Bf5 Bf6 45. Kg2 Bg5 46.
Qb3 Kg7 47. Qc3+ Qe5 48. Qc7+ Be7 49. Qc4 Bg5 50. Qc7+ Be7 51. Qc2 Qd5+ 52. Be4
Qg5 53. Bf5 h5 54. Qc3+ Bf6 55. Qc7+ Be7 56. f4 Qf6 57. gxh5 Kh6 58. Qxa5 Qd4
59. Qe1 Qxf4 60. Qe6+ Kg5 61. Qxe7+ Kxh5 62. Qh7+ Kg5 63. Qg6+ Kh4 64. Qf6+ Kh5
65. Bg6+ 1-0

[Event "USA Championship 2007"]
[Site "Stillwater USA"]
[Date "2007.05.17"]
[Round "3.17"]
[White "Zenyuk, Iryna"]
[Black "Movsisyan, Movses"]
[Result "1-0"]
[WhiteElo "2229"]
[BlackElo "2274"]
[PlyCount "67"]
[EventDate "2007.05.15"]
[EventType "swiss"]
[EventRounds "9"]
[EventCountry "USA"]
[Source "lmi"]
[SourceDate "2007.05.15"]

1. d4 Nf6 2. Nf3 g6 3. c4 Bg7 4. Nc3 d5 5. cxd5 Nxd5 6. e4 Nxc3 7. bxc3 c5 8.
Rb1 O-O 9. Be2 Nc6 10. d5 Ne5 11. Nxe5 Bxe5 12. Qd2 b6 13. O-O e6 14. f4 Bg7
15. Bc4 Bb7 16. f5 exf5 17. exf5 Qd6 18. Qd3 Be5 19. g3 Rfd8 20. Bg5 Rd7 21.
Rbd1 Rc8 22. Bf4 Bxf4 23. Rxf4 Rcd8 24. fxg6 hxg6 25. Qf3 Qe5 26. Re4 Qb8 27.
Rf1 Qd6 28. Rh4 Bxd5 29. Bxd5 Qxd5 30. Qf6 Qh5 31. Rxh5 gxh5 32. Qg5+ Kf8 33.
Qh6+ Kg8 34. Rf5 1-0

[Event "USA Championship 2007"]
[Site "Stillwater USA"]
[Date "2007.05.17"]
[Round "3.18"]
[White "Braunlich, Tom"]
[Black "Airapetian, Chouchanik"]
[Result "1/2-1/2"]
[WhiteElo "2136"]
[BlackElo "2188"]
[PlyCount "123"]
[EventDate "2007.05.15"]
[EventType "swiss"]
[EventRounds "9"]
[EventCountry "USA"]
[Source "lmi"]
[SourceDate "2007.05.15"]

1. d4 Nf6 2. c4 g6 3. Nc3 Bg7 4. Nf3 O-O 5. Bf4 d6 6. e3 Nfd7 7. h3 e5 8. Bh2
Nc6 9. Be2 h6 10. O-O Kh8 11. Rb1 a5 12. a3 f5 13. b4 axb4 14. axb4 g5 15. b5
Ne7 16. c5 f4 17. b6 dxc5 18. bxc7 Qxc7 19. dxe5 Nxe5 20. Nb5 Qc6 21. h4 Bf5
22. hxg5 Bxb1 23. Qxb1 N7g6 24. gxh6 Bxh6 25. Rd1 Bg7 26. Rd6 Nxf3+ 27. Bxf3
Qxd6 28. Nxd6 Ra1 29. Qxa1 Bxa1 30. Nxb7 fxe3 31. Nxc5 exf2+ 32. Kf1 Nh4 33.
Nb3 Nxf3 34. gxf3 Bc3 35. Kxf2 Rf5 36. Nc1 Bd4+ 37. Ke2 Rg5 38. Bf4 Rf5 39. Bd2
Kh7 40. Nd3 Rf8 41. Nf2 Bxf2 42. Kxf2 Kg6 43. Be3 Kf5 44. Kg3 Rb8 45. Bc1 Rb3
46. Bd2 Rd3 47. Bc1 Rd1 48. Be3 Re1 49. Bd2 Rg1+ 50. Kf2 Rg6 51. Bc1 Rc6 52.
Be3 Rc3 53. Bh6 Rd3 54. Ke2 Rd6 55. Be3 Re6 56. Kf2 Rc6 57. Kg3 Rc3 58. Bd2 Rd3
59. Bh6 Kg6 60. Bf4 Kf5 61. Bh6 Kg6 62. Bf4 1/2-1/2

[Event "USA Championship 2007"]
[Site "Stillwater USA"]
[Date "2007.05.18"]
[Round "4.7"]
[White "Ivanov, Alexander V"]
[Black "Khachiyan, Melikset"]
[Result "1/2-1/2"]
[WhiteElo "2623"]
[BlackElo "2550"]
[PlyCount "60"]
[EventDate "2007.05.15"]
[EventType "swiss"]
[EventRounds "9"]
[EventCountry "USA"]
[Source "lmi"]
[SourceDate "2007.05.15"]

1. e4 e5 2. Nf3 Nc6 3. Bb5 a6 4. Ba4 Nf6 5. O-O b5 6. Bb3 Bc5 7. a4 Rb8 8. axb5
axb5 9. Nxe5 Nxe5 10. d4 Bxd4 11. Qxd4 d6 12. f4 c5 13. Qd2 Nc6 14. e5 dxe5 15.
Qxd8+ Nxd8 16. fxe5 Ng4 17. h3 c4 18. Bxc4 bxc4 19. hxg4 Bxg4 20. Rf4 Be6 21.
Nd2 c3 22. bxc3 O-O 23. Ba3 Ra8 24. Rff1 Re8 25. Bd6 Nc6 26. c4 Rad8 27. Rf2 f6
28. Re1 Nxe5 29. Bxe5 Bf7 30. Nf3 fxe5 1/2-1/2

[Event "USA Championship 2007"]
[Site "Stillwater USA"]
[Date "2007.05.18"]
[Round "4.9"]
[White "Perelshteyn, Eugene"]
[Black "Hess, Robert"]
[Result "1/2-1/2"]
[WhiteElo "2611"]
[BlackElo "2472"]
[PlyCount "113"]
[EventDate "2007.05.15"]
[EventType "swiss"]
[EventRounds "9"]
[EventCountry "USA"]
[Source "lmi"]
[SourceDate "2007.05.15"]

1. d4 Nf6 2. c4 e6 3. Nc3 Bb4 4. g3 c5 5. Nf3 cxd4 6. Nxd4 Ne4 7. Qd3 Qa5 8.
Nb3 Qf5 9. Qe3 Nxc3 10. bxc3 Be7 11. Bg2 O-O 12. O-O Nc6 13. Rd1 e5 14. c5 b6
15. cxb6 axb6 16. Qxb6 Ba6 17. Qe3 Bc4 18. Bd5 Bxd5 19. Rxd5 Rfb8 20. Bb2 d6
21. Qd3 Qg4 22. Rb5 Qa4 23. Rxb8+ Rxb8 24. Qd5 Nd8 25. c4 Ne6 26. Qd3 Rb4 27.
e4 Rxc4 28. f3 h5 29. Bc1 Nd4 30. Bd2 Bd8 31. Kg2 Bb6 32. Rc1 Rxc1 33. Nxc1 Qd1
34. Bg5 Qe1 35. Bd2 Nxf3 36. Bxe1 Nxe1+ 37. Kf1 Nxd3 38. Nxd3 Kf8 39. Nb4 Ke8
40. Nd5 Bd8 41. h3 Kd7 42. Ke2 Kc6 43. g4 hxg4 44. hxg4 Kb5 45. Kd3 g6 46. Kc3
Kc5 47. Kd3 f5 48. gxf5 gxf5 49. Ne3 f4 50. Nd5 Kb5 51. Ke2 Ba5 52. Kf3 Ka4 53.
Nf6 Ka3 54. Nd5 Kxa2 55. Nf6 Kb3 56. Nd5 Bd8 57. Ke2 1/2-1/2

[Event "USA Championship 2007"]
[Site "Stillwater USA"]
[Date "2007.05.18"]
[Round "4.11"]
[White "Sevillano, Enrico"]
[Black "Bonin, Jay"]
[Result "1-0"]
[WhiteElo "2566"]
[BlackElo "2383"]
[PlyCount "95"]
[EventDate "2007.05.15"]
[EventType "swiss"]
[EventRounds "9"]
[EventCountry "USA"]
[Source "lmi"]
[SourceDate "2007.05.15"]

1. e4 e5 2. Nf3 d6 3. d4 Nf6 4. Nc3 Nbd7 5. Be2 g6 6. dxe5 dxe5 7. Bg5 Bg7 8.
Nxe5 Nxe5 9. Qxd8+ Kxd8 10. Nd5 c6 11. Nxf6 h6 12. O-O-O+ Kc7 13. f4 hxg5 14.
fxe5 Bxf6 15. exf6 Be6 16. h3 Rh4 17. Bf3 Re8 18. g4 Bc8 19. Bg2 Rhh8 20. Rd3
Re6 21. Rf1 Rd8 22. Kd2 Rdd6 23. Ke3 c5 24. Rxd6 Kxd6 25. Rd1+ Kc7 26. Rd5 b6
27. Rxg5 Rxf6 28. h4 Re6 29. h5 Bb7 30. Kf4 Rf6+ 31. Kg3 Re6 32. h6 Re8 33. Kf4
Rh8 34. Re5 Kd6 35. g5 Bc6 36. c4 a5 37. Rd5+ Bxd5 38. e5+ Ke7 39. cxd5 b5 40.
Ke4 Kd7 41. d6 Kc6 42. Kd3+ Kd7 43. Bd5 f6 44. gxf6 Rxh6 45. f7 Rh8 46. Ke3 a4
47. a3 b4 48. Kf4 1-0

[Event "USA Championship 2007"]
[Site "Stillwater USA"]
[Date "2007.05.18"]
[Round "4.13"]
[White "Zenyuk, Iryna"]
[Black "Friedel, Joshua"]
[Result "1-0"]
[WhiteElo "2229"]
[BlackElo "2542"]
[PlyCount "109"]
[EventDate "2007.05.15"]
[EventType "swiss"]
[EventRounds "9"]
[EventCountry "USA"]
[Source "lmi"]
[SourceDate "2007.05.15"]

1. d4 Nf6 2. Nf3 c5 3. d5 g6 4. Nc3 Bg7 5. e4 d6 6. h3 O-O 7. Bd3 e6 8. O-O
exd5 9. exd5 Na6 10. Bg5 h6 11. Bh4 g5 12. Bg3 Nc7 13. Bc4 a6 14. a4 Rb8 15. a5
b5 16. axb6 Rxb6 17. Bb3 g4 18. hxg4 Bxg4 19. Ra4 Qd7 20. Re1 Nb5 21. Ne4 Nxe4
22. Raxe4 Nd4 23. Ne5 dxe5 24. Rxg4 Nxb3 25. cxb3 f5 26. Rxg7+ Qxg7 27. Bxe5
Qg4 28. f3 Qg6 29. d6 Qf7 30. Qd2 Rb7 31. Qxh6 Qh7 32. Qg5+ Kf7 33. Qd2 Kg6 34.
Bf4 Qf7 35. Bg5 Rg8 36. Be7 Rb4 37. Kf2 f4 38. Qc2+ Kg7 39. Qxc5 Rb5 40. Qc3+
Kg6 41. d7 Rd5 42. Qc6+ Kg7 43. Bf6+ Qxf6 44. Qxd5 Rd8 45. Kf1 Rh8 46. Qe5 Rh1+
47. Kf2 Qxe5 48. Rxe5 Rd1 49. Re4 Rxd7 50. Rxf4 Rd2+ 51. Kg3 Rxb2 52. b4 Kg6
53. Kh3 Kg5 54. Rg4+ Kf5 55. Rc4 1-0

[Event "USA Championship 2007"]
[Site "Stillwater USA"]
[Date "2007.05.18"]
[Round "4.14"]
[White "Bradford, Joseph Mark"]
[Black "Pruess, David"]
[Result "1/2-1/2"]
[WhiteElo "2457"]
[BlackElo "2473"]
[PlyCount "98"]
[EventDate "2007.05.15"]
[EventType "swiss"]
[EventRounds "9"]
[EventCountry "USA"]
[Source "lmi"]
[SourceDate "2007.05.15"]

1. Nf3 c5 2. c4 Nc6 3. Nc3 g6 4. e3 Bg7 5. d4 Nf6 6. d5 Nb4 7. a3 Na6 8. e4 d6
9. h3 O-O 10. Bd3 Nc7 11. O-O b5 12. cxb5 a6 13. bxa6 Bxa6 14. Bxa6 Rxa6 15.
Re1 Qa8 16. Rb1 Rb8 17. Qc2 Nd7 18. b4 Bxc3 19. Qxc3 Nb5 20. Qc4 Nxa3 21. Bxa3
Rxa3 22. bxc5 Rxb1 23. Rxb1 Nxc5 24. e5 Ra1 25. Rxa1 Qxa1+ 26. Kh2 Qa4 27. Qxa4
Nxa4 28. exd6 exd6 29. Nd2 Kf8 30. Nc4 Ke7 31. Kg3 Nc3 32. Ne3 Kd7 33. Kg4 f6
34. f4 Kc7 35. f5 Kb6 36. fxg6 hxg6 37. h4 Kc5 38. h5 gxh5+ 39. Kxh5 Kd4 40.
Nf5+ Ke5 41. Kg6 Nxd5 42. g3 Ke6 43. Nd4+ Ke7 44. Nf5+ Ke6 45. Nd4+ Ke5 46. Nf5
Nc3 47. Nxd6 Kxd6 48. Kxf6 Ne4+ 49. Kf5 Nxg3+ 1/2-1/2